| 000 | 01283cam a22003135a 4500 | ||
|---|---|---|---|
| 001 | L142813 | ||
| 002 | 16783 | ||
| 008 | 080311s2008 xxkd f 001 0 eng d | ||
| 020 |
_a9780415424424 _a0415424429 |
||
| 022 | 1 | _a0305-4543 | |
| 035 | _a(Sirsi) u142813 | ||
| 041 | 0 | _aeng | |
| 050 | 0 | 4 | _a692.5 $2 18 |
| 110 | 2 |
_aDavis Langdon Mott Green Wall _94650 |
|
| 245 | 0 | 0 | _aSpon's mechanical and electrical services price book 2008 |
| 250 | _a39th ed. | ||
| 260 |
_aLondon _bTaylor and Francis _c2008 |
||
| 300 |
_axv, 652p. _c26cm. |
||
| 350 | _a135 | ||
| 505 | 2 | _aEngineering features -- Approximate estimating -- Material costs/measured work prices for mechanical installations -- Material costs/measured work prices for electrical installations -- Rates of wages -- Daywork -- Tables and memoranda | |
| 520 | _aProvides detailed pricing information across the full range of mechanical and electrical services, together with higher level costs for a wide range of systems and different building applications. | ||
| 520 | _aSupersedes 38th edition (ISBN 0415393876). | ||
| 520 | _aSuperseded by 40th edition (ISBN 9780415465618). | ||
| 521 | 2 | _aAdvanced | |
| 590 | _aKA | ||
| 651 | 4 |
_aUnited Kingdom _y |
|
| 690 | _aBUILT ENVIRONMENT-BUILDING COSTS | ||
| 942 | _n0 | ||
| 999 |
_c107988 _d107988 |
||